| 000 | 00491nam a2200169Ia 4500 | ||
|---|---|---|---|
| 999 |
_c21287 _d21287 |
||
| 003 | OSt | ||
| 005 | 20200615140417.0 | ||
| 008 | 190216s9999||||xx |||||||||||||| ||und|| | ||
| 020 | _a9788180695704 | ||
| 040 | _coclc | ||
| 082 |
_a306.0954 _bPAN/D |
||
| 100 |
_aPandey, Gaya _92913 |
||
| 245 | 0 |
_aDevelopmental Anthropology / _cGaya Pandey |
|
| 260 |
_bConcept Publishing, _aNew Delhi: _c2008. |
||
| 300 | _a294p | ||
| 942 |
_cBK _2ddc _h306.0954 _iPAN/D _k306.0954 _mPAN/D |
||